Persuasive writing: A managers guide to effective letters and reports (Record no. 31355)

MARC details
000 -LEADER
fixed length control field 00352nam a2200121Ia 4500
082 ## - DEWEY DECIMAL CLASSIFICATION NUMBER
Classification number 651.9
Item number WEA
100 ## - MAIN ENTRY--AUTHOR NAME
Personal name Weaver, Patricia C
245 #0 - TITLE STATEMENT
Title Persuasive writing: A managers guide to effective letters and reports
260 ## - PUBLICATION, DISTRIBUTION, ETC. (IMPRINT)
Place of publication New York
Name of publisher Free Press
Year of publication 1977
700 ## - ADDED ENTRY--PERSONAL NAME
Personal name Weaver, Robert G
942 ## - ADDED ENTRY ELEMENTS (KOHA)
Koha item type Books
Holdings
Withdrawn status Lost status Damaged status Not for loan Home library Current library Date acquired Cost, normal purchase price Full call number Accession Number Koha item type
        RRII Library RRII Library 16/12/2021 10.00 651.9 WEA 11901 Books